000 00281nam a2200121Ia 4500
008 231120s2016 xx 000 0 und d
041 _aeng
082 _a745.54
100 _aELIZABETH MOAD
245 _aPAPERCRAFT THERAPY
260 _aARCTURUS
_bARCTURUS
_c2016
300 _aP-96
999 _c933470
_d933470